शासन मुद्दे और चुनौतियाँ / (Record no. 213224)

MARC details
000 -LEADER
fixed length control field 00829nam a22001817a 4500
005 - DATE AND TIME OF LATEST TRANSACTION
control field 20250902113133.0
010 ## - LCCN (DPL NO)
LC control number HIN-130314
020 ## - INTERNATIONAL STANDARD BOOK NUMBER
International Standard Book Number 9789383848690
Terms of availability 295.00
035 ## - SYSTEM CONTROL NUMBER
System control number HN-102660
037 ## - SOURCE OF ACQUISITION
Source of stock number/acquisition DBAD/PUB
082 ## - DEWEY DECIMAL CLASSIFICATION NUMBER
Classification number 342
245 ## - TITLE STATEMENT
Title शासन मुद्दे और चुनौतियाँ /
Statement of responsibility, etc विजय कुमार वर्मा द्वारा संपादित
260 ## - PUBLICATION, DISTRIBUTION, ETC. (IMPRINT)
Place of publication, distribution, etc नई दिल्ली
Name of publisher, distributor, etc पिनाकल लर्निंग
Date of publication, distribution, etc 2021
270 ## - ADDRESS
Address 24,डी.डी.अ शौपिंग काम्प्लेक्स बेर सराय
City नई दिल्ली
Postal code 110016
300 ## - PHYSICAL DESCRIPTION
Extent 195पृ.
Other physical details 21सेमी (अजिल्द)
700 ## - ADDED ENTRY--PERSONAL NAME
Personal name वर्मा,विजय कुमार
9 (RLIN) 84464
942 ## - ADDED ENTRY ELEMENTS (KOHA)
Source of classification or shelving scheme Dewey Decimal Classification
Item type Hindi Books
Classification part 342
Call number suffix शासन
Holdings
Withdrawn status Lost status Not for loan Collection code Home library Current library Date acquired Source of acquisition Cost, normal purchase price Full call number Barcode Copy number Cost, replacement price Koha item type
    Not For Loan Non-fiction D.B.Act.Division D.B.Act.Division 02/09/2025 DBAD 295.00 342 शासन HN-102660 1 295.00 Hindi Books

© Delhi Public Library
Hit Counter
free hit counter